000 00612cab a2200229 4500
001 ABS41912
008 090401t1989 xxu||||| |||| 00| 0 eng d
035 _a(Sirsi) u33432
041 _aeng
100 _aRyder, M.
245 _aFarmers get their goat
260 _c1989
350 _a0
490 _aNew Scientist
_v124(1695) 16 December 1989 34-36(3)
520 _aLooks at the production of cashmere as a possible source of income for farmers in Britain.
650 _aDIVERSIFICATION
650 _aFARMING
650 _aGOATS
690 _aRURAL PRACTICE
942 _n0
948 _c04/03/1997
999 _c22336
_d22336